Ranquil: novela de la tierra

Saved in:
Bibliographic Details
Main Author: Lomboy, Reinaldo (autor)
Format: Book
Language:Spanish
Published: Santiago Orbe 1958
Edition:4a. ed
Subjects:
Tags: Add Tag
No Tags, Be the first to tag this record!

MARC

LEADER 00000nam a2200000 a 4500
001 UCQ2334
003 CL-VaPUC
008 980724e19580000CL |||||||||||||||||spa|d
082 0 4 |a Ch863  |b LOM  |2 21 
100 |a Lomboy, Reinaldo  |e autor  |9 420470 
245 1 0 |a Ranquil: novela de la tierra 
250 |a 4a. ed 
300 |a 267 p 
942 |c BK 
945 |d 19980724 00:00:00  |a lriquelm 
260 |a Santiago  |b Orbe  |c 1958 
650 0 |a Novelas chilenas   |9 265425 
650 0 |a Literatura chilena   |9 308278 
583 |a last modification  |c 19980724 00:00:00  |k Rodrigo Vera 
999 |c 273165  |d 273163 
952 |0 0  |1 0  |4 0  |6 CH_863_000000000000000_LOM_1958  |7 0  |8 A  |9 308524  |a BIBEDU  |b BIBEDU  |d 2019-11-20  |i 1446762  |o Ch863 LOM 1958  |p 1446762  |r 2019-11-20  |w 2019-11-20  |y BK  |k LIT 
952 |0 0  |1 0  |4 0  |6 CH_863_000000000000000_LOM_1958  |7 0  |8 A  |9 308525  |a BIBEDU  |b BIBEDU  |d 2019-11-20  |i 1453971  |o Ch863 LOM 1958  |p 1453971  |r 2019-11-20  |w 2019-11-20  |y BK  |k LIT